<?xml version="1.0" encoding="UTF-8"?><?xml-stylesheet type="text/xsl" href="static/style.xsl"?><OAI-PMH xmlns="http://www.openarchives.org/OAI/2.0/" xmlns:xsi="http://www.w3.org/2001/XMLSchema-instance" xsi:schemaLocation="http://www.openarchives.org/OAI/2.0/ http://www.openarchives.org/OAI/2.0/OAI-PMH.xsd"><responseDate>2026-04-13T14:21:31Z</responseDate><request verb="GetRecord" identifier="oai:www.recercat.cat:2445/120383" metadataPrefix="marc">https://recercat.cat/oai/request</request><GetRecord><record><header><identifier>oai:recercat.cat:2445/120383</identifier><datestamp>2025-12-02T07:01:43Z</datestamp><setSpec>com_2072_1057</setSpec><setSpec>col_2072_478858</setSpec><setSpec>col_2072_478917</setSpec><setSpec>col_2072_478921</setSpec></header><metadata><record xmlns="http://www.loc.gov/MARC21/slim" xmlns:dcterms="http://purl.org/dc/terms/" xmlns:xsi="http://www.w3.org/2001/XMLSchema-instance" xmlns:doc="http://www.lyncode.com/xoai" xsi:schemaLocation="http://www.loc.gov/MARC21/slim http://www.loc.gov/standards/marcxml/schema/MARC21slim.xsd">
   <leader>00925njm 22002777a 4500</leader>
   <datafield ind2=" " ind1=" " tag="042">
      <subfield code="a">dc</subfield>
   </datafield>
   <datafield ind2=" " ind1=" " tag="720">
      <subfield code="a">Miltiadous, Oriana</subfield>
      <subfield code="e">author</subfield>
   </datafield>
   <datafield ind2=" " ind1=" " tag="720">
      <subfield code="a">Sia, Daniela</subfield>
      <subfield code="e">author</subfield>
   </datafield>
   <datafield ind2=" " ind1=" " tag="720">
      <subfield code="a">Hoshida, Yujin</subfield>
      <subfield code="e">author</subfield>
   </datafield>
   <datafield ind2=" " ind1=" " tag="720">
      <subfield code="a">Fiel, Maria Isabel</subfield>
      <subfield code="e">author</subfield>
   </datafield>
   <datafield ind2=" " ind1=" " tag="720">
      <subfield code="a">Harrington, Andrew N.</subfield>
      <subfield code="e">author</subfield>
   </datafield>
   <datafield ind2=" " ind1=" " tag="720">
      <subfield code="a">Thung, Swan N.</subfield>
      <subfield code="e">author</subfield>
   </datafield>
   <datafield ind2=" " ind1=" " tag="720">
      <subfield code="a">Seng Tan, Poh</subfield>
      <subfield code="e">author</subfield>
   </datafield>
   <datafield ind2=" " ind1=" " tag="720">
      <subfield code="a">Dong, Hui</subfield>
      <subfield code="e">author</subfield>
   </datafield>
   <datafield ind2=" " ind1=" " tag="720">
      <subfield code="a">Revill, Kate</subfield>
      <subfield code="e">author</subfield>
   </datafield>
   <datafield ind2=" " ind1=" " tag="720">
      <subfield code="a">Chang, Charissa Y.</subfield>
      <subfield code="e">author</subfield>
   </datafield>
   <datafield ind2=" " ind1=" " tag="720">
      <subfield code="a">Roayaie, Sasan</subfield>
      <subfield code="e">author</subfield>
   </datafield>
   <datafield ind2=" " ind1=" " tag="720">
      <subfield code="a">Byrne, Thomas J.</subfield>
      <subfield code="e">author</subfield>
   </datafield>
   <datafield ind2=" " ind1=" " tag="720">
      <subfield code="a">Mazzaferro, Vincenzo</subfield>
      <subfield code="e">author</subfield>
   </datafield>
   <datafield ind2=" " ind1=" " tag="720">
      <subfield code="a">Rakela, Jorge</subfield>
      <subfield code="e">author</subfield>
   </datafield>
   <datafield ind2=" " ind1=" " tag="720">
      <subfield code="a">Florman, Sander</subfield>
      <subfield code="e">author</subfield>
   </datafield>
   <datafield ind2=" " ind1=" " tag="720">
      <subfield code="a">Schwartz, Myron</subfield>
      <subfield code="e">author</subfield>
   </datafield>
   <datafield ind2=" " ind1=" " tag="720">
      <subfield code="a">Llovet i Bayer, Josep Maria</subfield>
      <subfield code="e">author</subfield>
   </datafield>
   <datafield ind2=" " ind1=" " tag="260">
      <subfield code="c">2018-03-01T16:25:33Z</subfield>
   </datafield>
   <datafield ind2=" " ind1=" " tag="260">
      <subfield code="c">2018-03-01T16:25:33Z</subfield>
   </datafield>
   <datafield ind2=" " ind1=" " tag="260">
      <subfield code="c">2015-12</subfield>
   </datafield>
   <datafield ind2=" " ind1=" " tag="260">
      <subfield code="c">2018-03-01T16:25:33Z</subfield>
   </datafield>
   <datafield ind2=" " ind1=" " tag="520">
      <subfield code="a">BACKGROUND &amp; AIMS: In patients with hepatocellular carcinoma (HCC), liver transplantation (LT) is an excellent therapy if tumor characteristics are within the Milan criteria. We aimed to define genomic features enabling to identify HCC patients beyond Milan criteria who have acceptable transplant outcomes. METHODS: Among 770 consecutive HCC patients transplanted between 1990 and 2013, 132 had tumors exceeding Milan criteria on pathology and were enrolled in the study; 44% of the patients satisfied the 'up-to-7 rule' [7=sum of the size of the largest tumor and the number of tumors]. Explant tumors were assessed for genomic signatures and immunohistochemical markers associated with poor outcome. RESULTS: At a median follow-up of 88months, 64 patients had died and 45 recurred; the 5-year overall survival (OS) and recurrence rates were 57% and 35%, respectively. Cytokeratin 19 (CK19) gene signature was independently associated with recurrence [Hazard ratio (HR)=2.95, p&lt;0.001], along with tumor size (HR=3.37, p=0.023) and presence of satellites (HR=2.98, p=0.001). S2 subclass signature was independently associated with poor OS (HR=3.18, p=0.001), along with tumor size (HR=5.06, p&lt;0.001) and up-to-7 rule (HR=2.50, p=0.002). Using the presence of progenitor cell markers (either CK19 or S2 signatures) patients were classified into poor prognosis (n=58; 5-year recurrence 53%, survival 45%) and good prognosis (n=74; 5-year recurrence 19%, survival 67%) (HR=3.16, p&lt;0.001 for recurrence, and HR=1.72, p=0.04 for OS). CONCLUSIONS: HCC patients transplanted beyond Milan criteria without gene signatures of progenitor markers (CK19 and S2) achieved survival rates similar as those within Milan criteria. Once prospectively validated, these markers may support a limited expansion of LT indications.</subfield>
   </datafield>
   <datafield tag="653" ind2=" " ind1=" ">
      <subfield code="a">Expressió gènica</subfield>
   </datafield>
   <datafield tag="653" ind2=" " ind1=" ">
      <subfield code="a">Cèl·lules mare</subfield>
   </datafield>
   <datafield tag="653" ind2=" " ind1=" ">
      <subfield code="a">Càncer de fetge</subfield>
   </datafield>
   <datafield tag="653" ind2=" " ind1=" ">
      <subfield code="a">Trasplantament hepàtic</subfield>
   </datafield>
   <datafield tag="653" ind2=" " ind1=" ">
      <subfield code="a">Gene expression</subfield>
   </datafield>
   <datafield tag="653" ind2=" " ind1=" ">
      <subfield code="a">Stem cells</subfield>
   </datafield>
   <datafield tag="653" ind2=" " ind1=" ">
      <subfield code="a">Liver cancer</subfield>
   </datafield>
   <datafield tag="653" ind2=" " ind1=" ">
      <subfield code="a">Hepatic transplantation</subfield>
   </datafield>
   <datafield ind2="0" ind1="0" tag="245">
      <subfield code="a">Progenitor cell markers predict outcome of patients with hepatocellular carcinoma beyond Milan criteria undergoing liver transplantation.</subfield>
   </datafield>
</record></metadata></record></GetRecord></OAI-PMH>